[Event "Dionicio Baez Memorial"]
[Site "Asuncion"]
[Date "2015.11.17"]
[Round "5.4"]
[White "Lipiniks, Leonardo"]
[Black "De la Vega, Ricardo"]
[Result "1/2-1/2"]
[WhiteElo "1838"]
[BlackElo "1497"]
[PlyCount "34"]
[EventDate "2015.10.30"]
[EventType "swiss"]
[EventRounds "7"]
[EventCountry "PAR"]
[SourceTitle "EXT 2023"]
[Source "ChessBase"]
[SourceDate "2022.10.05"]
[SourceVersion "1"]
[SourceVersionDate "2022.10.05"]
[SourceQuality "1"]

1. d4 Nf6 2. c4 g6 3. Nc3 Bg7 4. e4 d6 5. Nf3 Bg4 6. Be2 0-0 7. 0-0 Nbd7 8. h3 Bxf3 9. Bxf3 c5 10. Be3 Rc8 11. dxc5 Nxc5 12. Qe2 a6 13. Rfd1 Qc7 14. Rac1 Ncd7 15. Nd5 Nxd5 16. cxd5 Qa5 17. Rxc8 Rxc8 1/2-1/2

[Event "Asuncion op"]
[Site "Asuncion"]
[Date "2015.10.18"]
[Round "8"]
[White "Lipiniks, Leonardo"]
[Black "Salinas, Victor"]
[Result "1/2-1/2"]
[WhiteElo "1838"]
[BlackElo "1658"]
[PlyCount "56"]
[EventDate "2015.10.08"]
[EventType "swiss"]
[EventRounds "9"]
[EventCountry "PAR"]
[SourceTitle "CBM 168 Extra"]
[Source "ChessBase"]
[SourceDate "2015.10.29"]
[SourceVersion "1"]
[SourceVersionDate "2015.10.29"]
[SourceQuality "1"]

1. c4 c5 2. Nf3 Nf6 3. g3 g6 4. Bg2 Bg7 5. Nc3 Nc6 6. 0-0 0-0 7. e4 d6 8. h3 a6 9. d4 cxd4 10. Nxd4 Bd7 11. Be3 Qc8 12. Nd5 Nxd5 13. cxd5 Nxd4 14. Bxd4 Bxh3 15. Rc1 Qd7 16. Bxh3 Qxh3 17. Bxg7 Kxg7 18. Qd4+ Kg8 19. Rc7 Rfe8 20. Rxb7 h5 21. Rc1 Rac8 22. Rbc7 Rxc7 23. Rxc7 h4 24. Rc3 hxg3 25. Rxg3 Qh6 26. Kg2 Qg7 27. Qxg7+ Kxg7 28. Ra3 Rb8 1/2-1/2

[Event "Asuncion op"]
[Site "Asuncion"]
[Date "2015.10.08"]
[Round "1"]
[White "Lipiniks, Leonardo"]
[Black "Ocampos, Luis"]
[Result "1/2-1/2"]
[WhiteElo "1838"]
[BlackElo "1447"]
[PlyCount "64"]
[EventDate "2015.10.08"]
[EventType "swiss"]
[EventRounds "9"]
[EventCountry "PAR"]
[SourceTitle "CBM 168 Extra"]
[Source "ChessBase"]
[SourceDate "2015.10.29"]
[SourceVersion "1"]
[SourceVersionDate "2015.10.29"]
[SourceQuality "1"]

1. Nc3 e5 2. e4 d6 3. Nf3 Nd7 4. Bc4 Be7 5. 0-0 c6 6. d4 Ngf6 7. a4 a6 8. a5 0-0 9. h3 exd4 10. Nxd4 Nxe4 11. Nxe4 d5 12. Bd3 dxe4 13. Bxe4 Nf6 14. Bf3 h6 15. c4 Bb4 16. Nb3 Be6 17. Qc2 Qc7 18. Be3 Be7 19. Rfd1 Rad8 20. Bb6 Rxd1+ 21. Rxd1 Qf4 22. Rd4 Qe5 23. Qe2 Qxe2 24. Bxe2 Nd7 25. Bg4 f5 26. Be2 Bf6 27. Rd6 Re8 28. Bh5 Be5 29. Rxd7 Bxd7 30. Bxe8 Bxe8 31. Nc5 Bxb2 32. Nxb7 Bf7 1/2-1/2

[Event "Asuncion Clasificatorio op 4th"]
[Site "Asuncion"]
[Date "2015.08.16"]
[Round "6.9"]
[White "Lipiniks, Leonardo"]
[Black "Lopez, Francisco1111"]
[Result "0-1"]
[WhiteElo "1857"]
[BlackElo "1658"]
[PlyCount "35"]
[EventDate "2015.08.14"]
[EventType "swiss"]
[EventRounds "7"]
[EventCountry "PAR"]
[SourceTitle "EXT 2023"]
[Source "ChessBase"]
[SourceDate "2022.10.05"]
[SourceVersion "1"]
[SourceVersionDate "2022.10.05"]
[SourceQuality "1"]

1. d4 Nf6 2. c4 g6 3. Nc3 Bg7 4. e4 d6 5. Nf3 0-0 6. Be2 e5 7. dxe5 dxe5 8. Qxd8 Rxd8 9. Bg5 Re8 10. Rd1 c6 11. 0-0 h6 12. Bc1 Na6 13. h3 Nc5 14. Nd2 Ne6 15. Nb3 b6 16. Bd3 Ba6 17. g3 Rad8 18. Kg2 0-1

[Event "Asuncion Clasificatorio op 4th"]
[Site "Asuncion"]
[Date "2015.08.15"]
[Round "4.8"]
[White "Lipiniks, Leonardo"]
[Black "Avalos Arguello, Jose Mathias"]
[Result "1/2-1/2"]
[WhiteElo "1857"]
[BlackElo "1688"]
[PlyCount "47"]
[EventDate "2015.08.14"]
[EventType "swiss"]
[EventRounds "7"]
[EventCountry "PAR"]
[SourceTitle "EXT 2023"]
[Source "ChessBase"]
[SourceDate "2022.10.05"]
[SourceVersion "1"]
[SourceVersionDate "2022.10.05"]
[SourceQuality "1"]

1. d4 Nf6 2. c4 e6 3. Nc3 Bb4 4. e3 b6 5. Bd3 Bb7 6. Nf3 Ne4 7. Qc2 f5 8. 0-0 Bxc3 9. bxc3 d6 10. Ne1 Nd7 11. f3 Nef6 12. d5 exd5 13. Bxf5 dxc4 14. Be6 d5 15. Ba3 c5 16. e4 Qc7 17. exd5 Bxd5 18. Bxd5 Nxd5 19. Rd1 Qe5 20. Qa4 0-0 21. Qxc4 N7f6 22. Bb2 Kh8 23. Nc2 Ne3 24. Qe2 1/2-1/2

[Event "Asuncion IRT op "]
[Site "Asuncion"]
[Date "2015.02.28"]
[Round "6"]
[White "Lipiniks, Leonardo"]
[Black "Alarcon, Jose"]
[Result "1-0"]
[WhiteElo "1825"]
[BlackElo "1932"]
[PlyCount "71"]
[EventDate "2015.02.20"]
[EventType "swiss"]
[EventRounds "9"]
[EventCountry "PAR"]
[SourceTitle "EXT 2017"]
[Source "ChessBase"]
[SourceDate "2016.10.25"]
[SourceVersion "1"]
[SourceVersionDate "2016.10.25"]
[SourceQuality "1"]

1. d4 Nf6 2. c4 c5 3. e3 g6 4. b3 Bg7 5. Bb2 0-0 6. Nf3 Ne4 7. Bd3 Qa5+ 8. Nfd2 Nxd2 9. Qxd2 Qxd2+ 10. Nxd2 Nc6 11. Nf3 d6 12. 0-0-0 Bg4 13. dxc5 Bxb2+ 14. Kxb2 dxc5 15. h3 Bxf3 16. gxf3 f5 17. h4 Rad8 18. h5 Rd6 19. hxg6 hxg6 20. a3 Rfd8 21. Be2 Ne5 22. Kc2 f4 23. Rxd6 Rxd6 24. Rh4 g5 25. Rh5 Rg6 26. exf4 Nc6 27. Bd3 Nd4+ 28. Kc3 Rg7 29. fxg5 Nxf3 30. g6 b6 31. b4 cxb4+ 32. axb4 e6 33. Be4 Ng1 34. Kd2 Rd7+ 35. Ke3 Rd1 36. f3 1-0

[Event "Asuncion IRT op "]
[Site "Asuncion"]
[Date "2015.02.28"]
[Round "7"]
[White "Recalde, Ariel"]
[Black "Lipiniks, Leonardo"]
[Result "1-0"]
[WhiteElo "1900"]
[BlackElo "1825"]
[PlyCount "117"]
[EventDate "2015.02.20"]
[EventType "swiss"]
[EventRounds "9"]
[EventCountry "PAR"]
[SourceTitle "EXT 2017"]
[Source "ChessBase"]
[SourceDate "2016.10.25"]
[SourceVersion "1"]
[SourceVersionDate "2016.10.25"]
[SourceQuality "1"]

1. e4 e6 2. d4 d5 3. Nd2 c5 4. Ngf3 cxd4 5. exd5 Qxd5 6. Bc4 Qd8 7. 0-0 Nf6 8. Nb3 Be7 9. Nbxd4 0-0 10. Qe2 a6 11. Bg5 h6 12. Bh4 b5 13. Bb3 Qb6 14. Nf5 Qc5 15. Nxe7+ Qxe7 16. Ne5 Bb7 17. Rad1 g5 18. Bg3 Bd5 19. Ng4 Bxb3 20. axb3 Nxg4 21. Bd6 Qf6 22. Bxf8 Kxf8 23. Qxg4 Nc6 24. Qe4 Rc8 25. Rd6 Qe5 26. Qxe5 Nxe5 27. c3 a5 28. f4 gxf4 29. Rxf4 b4 30. c4 a4 31. Rxe6 Nd3 32. Rf3 axb3 33. Rxh6 Kg7 34. Rb6 Nxb2 35. Rg3+ Kf8 36. Rxb4 Rxc4 37. Rxc4 Nxc4 38. Rxb3 Ne5 39. Rb5 Ng6 40. Kf2 Kg7 41. g4 Kf6 42. Kg3 Kg7 43. h4 Nf8 44. h5 Kh7 45. Rb8 Ne6 46. Rb6 Kg7 47. Rxe6 fxe6 48. Kf3 Kf6 49. Ke4 Kf7 50. Ke5 Ke7 51. h6 Kf7 52. h7 Kg7 53. Kxe6 Kh8 54. Kf7 Kxh7 55. g5 Kh8 56. Kg6 Kg8 57. Kh6 Kh8 58. g6 Kg8 59. g7 1-0

[Event "Asuncion IRT op "]
[Site "Asuncion"]
[Date "2015.02.21"]
[Round "2"]
[White "Salinas, Victor"]
[Black "Lipiniks, Leonardo"]
[Result "0-1"]
[WhiteElo "1653"]
[BlackElo "1825"]
[PlyCount "58"]
[EventDate "2015.02.20"]
[EventType "swiss"]
[EventRounds "9"]
[EventCountry "PAR"]
[SourceTitle "EXT 2017"]
[Source "ChessBase"]
[SourceDate "2016.10.25"]
[SourceVersion "1"]
[SourceVersionDate "2016.10.25"]
[SourceQuality "1"]

1. e4 c5 2. d3 Nc6 3. Nf3 d6 4. Be2 g6 5. 0-0 Bg7 6. c3 Nf6 7. Nbd2 0-0 8. Re1 b6 9. Nf1 Bb7 10. h3 e6 11. Be3 Rc8 12. Qd2 c4 13. Bh6 cxd3 14. Bxd3 Ne5 15. Bxg7 Kxg7 16. Nxe5 dxe5 17. Qc2 Nh5 18. Rad1 Qg5 19. Re3 f5 20. Rf3 Rcd8 21. Re1 fxe4 22. Bxe4 Rxf3 23. h4 Qg4 24. Nh2 Bxe4 25. Rxe4 Rd1+ 26. Qxd1 Qxe4 27. Nxf3 Nf4 28. Qd7+ Kh6 29. Ng5 Qxg2# 0-1

[Event "Asuncion Patriarca Memorial op"]
[Site "Asuncion"]
[Date "2015.01.17"]
[Round "4"]
[White "Alarcon, Jose"]
[Black "Lipiniks, Leonardo"]
[Result "1/2-1/2"]
[WhiteElo "1932"]
[BlackElo "1825"]
[PlyCount "100"]
[EventDate "2015.01.13"]
[EventType "swiss"]
[EventRounds "7"]
[EventCountry "PAR"]
[SourceTitle "CBM 164 Extra"]
[Source "ChessBase"]
[SourceDate "2015.03.02"]
[SourceVersion "1"]
[SourceVersionDate "2015.03.02"]
[SourceQuality "1"]

1. e4 c5 2. Nf3 d6 3. d4 cxd4 4. Nxd4 Nf6 5. Nc3 a6 6. Bg5 e6 7. f4 Be7 8. Qe2 h6 9. Bh4 Nxe4 10. Bxe7 Nxc3 11. Qc4 Kxe7 12. Qxc3 Re8 13. 0-0-0 Kf8 14. g4 b5 15. Rg1 Qf6 16. Qg3 e5 17. Nf5 exf4 18. Qxf4 Bxf5 19. gxf5 Re5 20. Bg2 Ra7 21. Qd4 Rd7 22. Be4 d5 23. Bd3 Nc6 24. Qg4 d4 25. Kb1 Re3 26. Qg2 Ne5 27. Be4 Nc4 28. Bd5 Nb6 29. Bb3 a5 30. Rdf1 a4 31. Be6 Re7 32. Qc6 Nc4 33. Qc8+ Re8 34. Qc5+ Kg8 35. Bxc4 bxc4 36. Qxc4 Qxf5 37. a3 Qd7 38. Rd1 R8e4 39. Qa6 Kh7 40. Qa5 g6 41. Rg2 Re2 42. Rxe2 Rxe2 43. Qb6 Rxh2 44. Rxd4 Qf5 45. Qc7 Rh1+ 46. Ka2 Qf1 47. Rxa4 Qb1+ 48. Kb3 Rh3+ 49. c3 Qd1+ 50. Ka2 Qxa4 1/2-1/2

[Event "PAR-ch"]
[Site "Asuncion"]
[Date "2011.09.24"]
[Round "2"]
[White "Lipiniks, Leonardo"]
[Black "Galeano, Mario"]
[Result "1/2-1/2"]
[WhiteElo "1848"]
[BlackElo "2001"]
[PlyCount "100"]
[EventDate "2011.09.23"]
[EventType "swiss"]
[EventRounds "9"]
[EventCountry "PAR"]
[SourceTitle "CBM 144 Extra"]
[Source "ChessBase"]
[SourceDate "2011.10.28"]
[SourceVersion "1"]
[SourceVersionDate "2011.10.28"]
[SourceQuality "1"]

1. d4 Nf6 2. c4 e5 3. dxe5 Ng4 4. e4 Nxe5 5. f4 Bb4+ 6. Bd2 Bxd2+ 7. Qxd2 Nec6 8. Nf3 0-0 9. Nc3 d6 10. 0-0-0 Nd7 11. Bd3 Nc5 12. Bc2 Nb4 13. e5 Bf5 14. Bxf5 Nxa2+ 15. Kb1 Nb4 16. Bc2 h6 17. exd6 Nxc2 18. Qxc2 cxd6 19. Ne4 Qa5 20. Rxd6 Nxe4 21. Qxe4 Rac8 22. Rhd1 b5 23. R6d5 Qa4 24. Qc2 Qxc2+ 25. Kxc2 Rxc4+ 26. Kb3 Rxf4 27. Rxb5 Re8 28. Rbd5 Kh7 29. R1d2 Rb8+ 30. Ka2 Rfb4 31. Rd7 R8b7 32. Rxb7 Rxb7 33. Ka3 f6 34. b4 g5 35. g4 Kg6 36. Rd5 Re7 37. Ka4 Re3 38. Nd4 Re4 39. h3 h5 40. Nb5 hxg4 41. hxg4 Rxg4 42. Nxa7 Re4 43. Nc6 f5 44. Ka5 f4 45. Ne5+ Rxe5 46. Rxe5 f3 47. Re6+ Kf5 48. Re8 g4 49. Rf8+ Ke4 50. b5 g3 1/2-1/2

[Event "PAR-ch"]
[Site "Asuncion"]
[Date "2011.09.23"]
[Round "1"]
[White "Zacarias Martinez, Ruben David"]
[Black "Lipiniks, Leonardo"]
[Result "1/2-1/2"]
[WhiteElo "2182"]
[BlackElo "1848"]
[PlyCount "144"]
[EventDate "2011.09.23"]
[EventType "swiss"]
[EventRounds "9"]
[EventCountry "PAR"]
[SourceTitle "CBM 144 Extra"]
[Source "ChessBase"]
[SourceDate "2011.10.28"]
[SourceVersion "1"]
[SourceVersionDate "2011.10.28"]
[SourceQuality "1"]

1. e4 e5 2. Nf3 Nc6 3. d4 exd4 4. Nxd4 Nf6 5. Nc3 d6 6. Be2 Nxd4 7. Qxd4 Be7 8. 0-0 0-0 9. h3 c6 10. Kh1 Qb6 11. Qd3 Nd7 12. f4 Nc5 13. Qg3 f5 14. Bd3 Nxd3 15. cxd3 Be6 16. Rb1 a5 17. Be3 Qd8 18. Rbd1 b5 19. b3 a4 20. exf5 Rxf5 21. b4 d5 22. Bd4 Bf6 23. Qe3 Bxd4 24. Qxd4 Rf7 25. a3 Rf6 26. Ne2 Qd7 27. Rf3 Re8 28. Re3 Ref8 29. Kh2 Rh6 30. Re1 Rhf6 31. Qe5 Qf7 32. Rc1 Bd7 33. Qe7 Re8 34. Qxf7+ Kxf7 35. Rxe8 Kxe8 36. Kg3 Ke7 37. Nd4 Kd6 38. Nf3 Rg6+ 39. Kf2 Rf6 40. Ke3 Re6+ 41. Ne5 g5 42. d4 gxf4+ 43. Kxf4 Rf6+ 44. Ke3 Be8 45. g4 Rh6 46. Rh1 Rf6 47. h4 Ke7 48. h5 Kf8 49. Rh3 Kg7 50. Rf3 Re6 51. Kf4 h6 52. Kg3 Rd6 53. Kh4 Re6 54. g5 hxg5+ 55. Kxg5 c5 56. bxc5 Rh6 57. Rh3 b4 58. Ng4 Rxh5+ 59. Rxh5 Bxh5 60. Ne3 b3 61. Nxd5 b2 62. Nc3 Bf7 63. Kf5 Kf8 64. Kf6 Ba2 65. c6 Ke8 66. Ke5 Kd8 67. Kd6 b1Q 68. Nxb1 Bxb1 69. Kc5 Be4 70. d5 Kc8 71. d6 Bf5 72. Kd5 Bg4 1/2-1/2

[Event "Asuncion zt 2.5"]
[Site "Asuncion"]
[Date "2011.05.24"]
[Round "9"]
[White "Gamarra, Ramon"]
[Black "Lipiniks, Leonardo"]
[Result "1/2-1/2"]
[WhiteElo "2009"]
[BlackElo "1852"]
[PlyCount "88"]
[EventDate "2011.05.16"]
[EventType "swiss"]
[EventRounds "9"]
[EventCountry "PAR"]
[SourceTitle "CBM 142 Extra"]
[Source "ChessBase"]
[SourceDate "2011.06.27"]
[SourceVersion "1"]
[SourceVersionDate "2011.06.27"]
[SourceQuality "1"]

1. c4 c5 2. g3 g6 3. Bg2 Bg7 4. Nc3 Nc6 5. e3 Ne5 6. d3 d6 7. h3 Nf6 8. Nge2 0-0 9. f4 Nc6 10. 0-0 e5 11. a3 Re8 12. Rb1 a5 13. Kh2 Be6 14. Nd5 Bxd5 15. cxd5 Ne7 16. Qb3 Qd7 17. a4 Nf5 18. e4 Nd4 19. Nxd4 exd4 20. Bd2 h5 21. Rbe1 Red8 22. Re2 Kh7 23. Bf3 Ra6 24. Rg1 Raa8 25. Be1 Bh6 26. Bd2 Ra6 27. Rge1 Kg7 28. Ra1 Kh7 29. Qb5 Raa8 30. Qc4 b6 31. Ra3 Qc7 32. Be1 h4 33. e5 hxg3+ 34. Bxg3 Nh5 35. Bxh5 gxh5 36. Ra1 h4 37. Bxh4 Bxf4+ 38. Bg3 Bxg3+ 39. Kxg3 dxe5 40. Re4 Rg8+ 41. Kf2 Qe7 42. Rae1 Qf6+ 43. Ke2 Rg2+ 44. Kd1 Qh6 1/2-1/2

[Event "Asuncion zt 2.5"]
[Site "Asuncion"]
[Date "2011.05.23"]
[Round "8"]
[White "Roman, Rodrigo"]
[Black "Lipiniks, Leonardo"]
[Result "1-0"]
[WhiteElo "1986"]
[BlackElo "1852"]
[PlyCount "108"]
[EventDate "2011.05.16"]
[EventType "swiss"]
[EventRounds "9"]
[EventCountry "PAR"]
[SourceTitle "CBM 142 Extra"]
[Source "ChessBase"]
[SourceDate "2011.06.27"]
[SourceVersion "1"]
[SourceVersionDate "2011.06.27"]
[SourceQuality "1"]

1. Nf3 Nf6 2. g3 c5 3. Bg2 d5 4. 0-0 Nc6 5. c4 e6 6. cxd5 exd5 7. d4 Be6 8. Nc3 Be7 9. Bg5 cxd4 10. Nxd4 0-0 11. Nxe6 fxe6 12. Qb3 Qd7 13. e4 Nd4 14. Qd1 dxe4 15. Nxe4 e5 16. Nd2 Kh8 17. Nb3 Rac8 18. Qd3 b6 19. Rad1 Bc5 20. Be3 Rfd8 21. Kh1 Qe7 22. Nxc5 bxc5 23. Rc1 g6 24. Qc3 Rc7 25. Rfe1 Kg7 26. Bf4 Rd6 27. Qa5 Re6 28. Be3 Ne8 29. Bh3 Rb6 30. Bf4 Nc6 31. Qc3 Kf6 32. Qf3 Kg7 33. Qc3 Nf6 34. Bxe5 Nxe5 35. Rxe5 Qd8 36. b3 Rd6 37. Rxc5 Rd1+ 38. Rxd1 Qxd1+ 39. Kg2 Qd5+ 40. Rxd5 Rxc3 41. Ra5 Rc7 42. Kf3 Rc3+ 43. Ke2 Rc2+ 44. Ke3 Rc3+ 45. Kd4 Rc2 46. Rxa7+ Kh6 47. f4 Rxh2 48. Be6 Rg2 49. Rf7 Ne8 50. g4 g5 51. Bd7 Nc7 52. Bc6 Ne6+ 53. Ke5 Re2+ 54. Be4 Nxf4 1-0

[Event "Asuncion zt 2.5"]
[Site "Asuncion"]
[Date "2011.05.21"]
[Round "6"]
[White "Daneri, Martin"]
[Black "Lipiniks, Leonardo"]
[Result "1-0"]
[WhiteElo "2095"]
[BlackElo "1852"]
[PlyCount "83"]
[EventDate "2011.05.16"]
[EventType "swiss"]
[EventRounds "9"]
[EventCountry "PAR"]
[SourceTitle "CBM 142 Extra"]
[Source "ChessBase"]
[SourceDate "2011.06.27"]
[SourceVersion "1"]
[SourceVersionDate "2011.06.27"]
[SourceQuality "1"]

1. d4 d5 2. Nf3 Nf6 3. Bf4 e6 4. Nbd2 c5 5. c3 Nc6 6. e3 b6 7. Bb5 Bd7 8. Bd3 Be7 9. h4 Nh5 10. Be5 f5 11. Qe2 Nf6 12. 0-0-0 c4 13. Bc2 b5 14. Rdg1 a5 15. Ng5 b4 16. Nb1 0-0 17. Bxf6 Bxf6 18. g4 Qe7 19. gxf5 Bxg5 20. Rxg5 exf5 21. Qf3 Qe6 22. Rhg1 g6 23. h5 Ne7 24. Qf4 Rac8 25. Nd2 bxc3 26. bxc3 Kf7 27. Nf3 Ke8 28. Ne5 Qd6 29. hxg6 hxg6 30. Nxg6 Qxf4 31. Nxf4 a4 32. Kb2 a3+ 33. Kxa3 Ra8+ 34. Kb2 Ba4 35. Bxa4+ Rxa4 36. Rg7 Ra5 37. R1g5 Rf6 38. a4 Rb6+ 39. Kc2 Rxa4 40. Rxe7+ Kxe7 41. Nxd5+ Kf8 42. Rxf5+ 1-0

[Event "Asuncion zt 2.5"]
[Site "Asuncion"]
[Date "2011.05.16"]
[Round "1"]
[White "Larrea, Manuel"]
[Black "Lipiniks, Leonardo"]
[Result "1-0"]
[WhiteElo "2299"]
[BlackElo "1852"]
[PlyCount "75"]
[EventDate "2011.05.16"]
[EventType "swiss"]
[EventRounds "9"]
[EventCountry "PAR"]
[SourceTitle "CBM 142 Extra"]
[Source "ChessBase"]
[SourceDate "2011.06.27"]
[SourceVersion "1"]
[SourceVersionDate "2011.06.27"]
[SourceQuality "1"]

1. e4 d5 2. exd5 Nf6 3. c4 c6 4. d4 cxd5 5. Nc3 Nc6 6. Nf3 e6 7. cxd5 exd5 8. Bd3 Be7 9. h3 0-0 10. 0-0 Be6 11. Re1 h6 12. a3 Rc8 13. Bf4 Re8 14. Rc1 Bf8 15. Bb1 Ne7 16. g4 Ng6 17. Bg3 Nh7 18. Qd3 Bd6 19. Ne5 Nhf8 20. f4 Nxe5 21. dxe5 Bc5+ 22. Kh2 Bd7 23. Nxd5 Be6 24. Rcd1 Bxd5 25. Qxd5 Qb6 26. Qg2 Red8 27. Be4 Qb5 28. Bd5 Qa4 29. Qe4 Qxe4 30. Bxe4 b6 31. Bb7 Rb8 32. Bd5 a5 33. f5 g6 34. e6 Rxd5 35. Rxd5 Rb7 36. Rxc5 bxc5 37. e7 Rxb2+ 38. Kg1 1-0

[Event "Asuncion Prieto Memorial op"]
[Site "Asuncion"]
[Date "2011.01.12"]
[Round "7"]
[White "Riline Orso, Alejandro"]
[Black "Lipiniks, Leonardo"]
[Result "1-0"]
[WhiteElo "2218"]
[BlackElo "1863"]
[PlyCount "83"]
[EventDate "2011.01.06"]
[EventType "swiss"]
[EventRounds "9"]
[EventCountry "PAR"]
[SourceTitle "EXT 2012"]
[Source "ChessBase"]
[SourceDate "2011.11.24"]
[SourceVersion "1"]
[SourceVersionDate "2011.11.24"]
[SourceQuality "1"]

1. d4 d5 2. c4 c6 3. Nf3 Nf6 4. g3 e6 5. Bg2 Be7 6. Qc2 0-0 7. 0-0 Ne4 8. Nfd2 f5 9. f3 Nf6 10. e3 h5 11. Nc3 h4 12. Ne2 hxg3 13. hxg3 Qe8 14. Kf2 Bd6 15. b3 Nbd7 16. Rh1 Qg6 17. Nf4 Bxf4 18. gxf4 Rf7 19. Bb2 Nf8 20. Rag1 N6h7 21. Rh2 Bd7 22. Ba3 Re8 23. Rgh1 Rf6 24. Bd6 Bc8 25. b4 a6 26. Nb3 Kf7 27. Be5 Ke7 28. Bf1 Kd8 29. a4 Qf7 30. Bxf6+ Nxf6 31. b5 axb5 32. cxb5 cxb5 33. Bxb5 Re7 34. Rc1 Rc7 35. Qd2 Rxc1 36. Nxc1 Qc7 37. Rh8 N6h7 38. Nd3 b6 39. Ne5 g6 40. Qb4 Qg7 41. Qd6+ Bd7 42. Bxd7 1-0

[Event "Asuncion Prieto Memorial op"]
[Site "Asuncion"]
[Date "2011.01.11"]
[Round "6"]
[White "Lipiniks, Leonardo"]
[Black "Aquino, Carlos"]
[Result "1-0"]
[WhiteElo "1863"]
[BlackElo "1745"]
[PlyCount "73"]
[EventDate "2011.01.06"]
[EventType "swiss"]
[EventRounds "9"]
[EventCountry "PAR"]
[SourceTitle "EXT 2012"]
[Source "ChessBase"]
[SourceDate "2011.11.24"]
[SourceVersion "1"]
[SourceVersionDate "2011.11.24"]
[SourceQuality "1"]

1. c4 f5 2. d4 Nf6 3. Nc3 d6 4. f3 g6 5. e4 Bg7 6. Bd3 e5 7. dxe5 dxe5 8. exf5 gxf5 9. Nge2 0-0 10. 0-0 Na6 11. a3 c6 12. Be3 Be6 13. Qc2 Nd7 14. b4 Qf6 15. Kh1 Qf7 16. g4 f4 17. Bxh7+ Kh8 18. Ne4 Bf6 19. Nxf6 Qxf6 20. Bg1 Rf7 21. Bd3 Rg8 22. Nc3 Qh4 23. Ne4 Nf6 24. Qf2 Qh6 25. Nd6 Rfg7 26. Nf5 Bxf5 27. Bxf5 e4 28. fxe4 Rxg4 29. Bxg4 Rxg4 30. Rfe1 Nh5 31. Qd4+ Kh7 32. Qd7+ Rg7 33. Qf5+ Rg6 34. Bf2 Ng3+ 35. Bxg3 fxg3 36. Re2 Nc7 37. Rg2 1-0